00556nam a22002057a 450000500170000001000280001702000260004503500130007103500170008403700130010103700170011408200080013110000180013924500640015726000340022127000420025530000200029750000190031750000140033620180404160930.0 aENG-110147 B-690848-849 a9788184302295c300.00 aEN-93679 aB-690848-849 bDBAD/PUB bOcean Books  a921 aVishav Bandhu aThe life and times of Madan Lal Dhingra /cby Vishav Bandhu aNew DelhibOcean Books c2013 a4/19 Asaf Ali RoadbNew Delhie110002 a254p.c22cm(Hb) aIncludes index aBalidani